000 00354pam a2200157a 44500
008 230515b2008 xxu||||| |||| 00| 0 eng d
020 _aNULL
041 _aENGLISH
082 _a610.7362
100 _aDR P K ROY
245 _aPRACTICAL PEDIATRICS BASICS AND BEYOND
250 _a2008
260 _a
_bC B S
_c2008
300 _a697
650 _aNULL
999 _c526508
_d526508